000 00375nam a2200157Ia 4500
005 20250324014827.0
008 240331s9999 xx 000 0 und d
020 _a9559596004
082 _bWEH
_a891
100 _aWehalla,V
245 0 _aSihina acadamiya
260 _aNugegoda
_bPiyasiri printing system
_c1996
300 _a88 p .,
650 _aShort Stories
942 _cL
999 _c4885
_d4885